Computational Intelligence in Data Science

Saved in:
Bibliographic Details
Main Author: Sarath Chandran
Format: Book
Published: Springer
Subjects:
AI
Tags: Add Tag
No Tags, Be the first to tag this record!

MARC

LEADER 00000nam a2200000Ia 4500
005 20260427112706.0
526 |b Data Science 
100 |a Sarath Chandran  
020 |a 9783031382956 
650 |a AI 
526 |a Bachelors 
942 |c BK 
245 |a Computational Intelligence in Data Science 
260 |b Springer 
999 |c 71  |d 71 
952 |0 0  |1 0  |4 0  |7 0  |8 2  |a BRISTOL  |b BRISTOL  |d 2026-04-22  |l 0  |p 000060  |r 2026-04-27 11:27:06  |w 2026-04-27  |y BK